[Event "Titled Tue 3rd Jan Late"]
[Site "chess.com INT"]
[Date "2025.06.03"]
[Round "3"]
[White "Ferey, Antonin"]
[Black "Haug, Havard"]
[Result "0-1"]
[WhiteTitle "CM"]
[BlackTitle "FM"]
[WhiteElo "2238"]
[BlackElo "2354"]
[WhiteFideId "36051454"]
[BlackFideId "1547887"]
[EventDate "2025.06.03"]

1. d4 Nf6 2. Nf3 e6 3. c4 a6 4. Nc3 d5 5. cxd5 exd5 6. Bg5 c6 7. e3 h6 8. Bh4
Nbd7 9. Bd3 Be7 10. O-O O-O 11. Qc2 Re8 12. Bg3 Nh5 13. Nxd5 Nxg3 14. Nxe7+ Qxe7
15. hxg3 Nf6 16. Ne5 Be6 17. Rfe1 Nd7 18. Nxd7 Qxd7 19. Rad1 g6 20. a3 Kg7 21.
Qc3 Kh7 22. e4 Qd6 23. d5 cxd5 24. exd5 Bd7 25. Bc4 Rac8 26. Qd4 Bb5 27. Bxb5
axb5 28. Rxe8 Rxe8 29. Qb4 Qxb4 30. axb4 Kg7 31. d6 Rd8 32. Rd5 b6 33. d7 h5 34.
f4 Kf8 35. Rxb5 Rxd7 36. Rxb6 Rd1+ 37. Kf2 Rd2+ 38. Kf3 Rxb2 39. Rb7 Kg7 40. b5
Kf6 41. Rb8 Ke6 42. b6 Kf5 43. b7 f6 44. Ke3 Kg4 45. Kd4 Kxg3 46. f5 g5 47. Kd5
Kxg2 48. Ke6 Rb6+ 49. Kf7 h4 50. Rg8 h3 51. b8=Q Rxb8 52. Rxb8 h2 53. Rh8 g4 0-1

[Event "Titled Tue 3rd Jan Late"]
[Site "chess.com INT"]
[Date "2025.06.03"]
[Round "3"]
[White "Senthilkumar, Pranav"]
[Black "Norowitz, Yaacov"]
[Result "1-0"]
[WhiteTitle "CM"]
[BlackTitle "IM"]
[WhiteElo "2061"]
[BlackElo "2400"]
[WhiteFideId "2083477"]
[BlackFideId "2024799"]
[EventDate "2025.06.03"]

1. Nf3 c6 2. g3 d5 3. Bg2 Bg4 4. O-O g6 5. d4 Nf6 6. Ne5 Bf5 7. c4 Bg7 8. Nc3
O-O 9. b3 Nbd7 10. Bb2 Nxe5 11. dxe5 Ne4 12. Nxe4 Bxe4 13. Bxe4 dxe4 14. Qc2 e3
15. f4 Qd2 16. Qxd2 exd2 17. Rfd1 Rfd8 18. Bc3 f6 19. exf6 Bxf6 20. Bxf6 exf6
21. Rab1 Rd7 22. Rb2 Rad8 23. Kf2 Kf7 24. e3 Ke6 25. Ke2 Kf5 26. Kf3 h5 27. h3
g5 28. g4+ hxg4+ 29. hxg4+ Ke6 30. Ke2 gxf4 31. exf4 Rh8 32. Rbxd2 Rh2+ 33. Ke3
Rh3+ 34. Ke4 Rxd2 35. Rxd2 Rg3 36. f5+ Ke7 37. Kf4 Rg1 38. Re2+ Kf7 39. Rd2 Ke7
40. Rh2 Rf1+ 41. Kg3 Kd6 42. Rh7 Rg1+ 43. Kf3 b5 44. cxb5 cxb5 45. Rxa7 1-0

[Event "Titled Tue 3rd Jan Late"]
[Site "chess.com INT"]
[Date "2025.06.03"]
[Round "3"]
[White "Ramadoss, Ashokkumar"]
[Black "Aliyev, Elnur"]
[Result "0-1"]
[BlackTitle "CM"]
[WhiteElo "2110"]
[BlackElo "2155"]
[WhiteFideId "5040990"]
[BlackFideId "13402617"]
[EventDate "2025.06.03"]

1. Nf3 d5 2. c4 c6 3. Qc2 Nf6 4. d4 g6 5. e3 Bf5 6. Bd3 Bxd3 7. Qxd3 Bg7 8. O-O
O-O 9. Nc3 e6 10. e4 dxe4 11. Nxe4 Nxe4 12. Qxe4 a5 13. Qe2 a4 14. Bg5 Qa5 15.
Rad1 Re8 16. Bd2 Qa6 17. Bc3 Nd7 18. Rfe1 b5 19. Ne5 Bxe5 20. dxe5 Nb6 21. cxb5
Qxb5 22. Qf3 Rad8 23. Rd6 Nc4 24. Rxc6 Nxb2 25. Rc7 Rf8 26. Rb7 Qc4 27. Bxb2
Qxa2 28. Ra1 Qc4 29. Ba3 Rd3 30. Qe2 Rxa3 0-1

[Event "Titled Tue 3rd Jan Late"]
[Site "chess.com INT"]
[Date "2025.06.03"]
[Round "3"]
[White "Shapiro, Daniel"]
[Black "Gomez Gonzales, Fabiana"]
[Result "1-0"]
[WhiteTitle "FM"]
[BlackTitle "WCM"]
[WhiteElo "2284"]
[BlackElo "1843"]
[WhiteFideId "2001780"]
[BlackFideId "3860191"]
[EventDate "2025.06.03"]

1. d4 Nf6 2. c4 e6 3. g3 d5 4. Nf3 Be7 5. Bg2 O-O 6. O-O c6 7. Qc2 Nbd7 8. Rd1
b6 9. Nc3 Ba6 10. b3 dxc4 11. bxc4 Bxc4 12. Nd2 Ba6 13. Bxc6 Rc8 14. Qa4 Qc7 15.
Qxa6 Qxc6 16. Bb2 h6 17. Rac1 Qa8 18. Nb5 Qd5 19. Rxc8 Rxc8 20. Qxc8+ Nf8 21.
Qc4 Qb7 22. Rc1 Ng4 23. e4 Bg5 24. f4 Bf6 25. Qd3 Qa6 26. h3 Qxa2 27. Bc3 a6 28.
hxg4 Qa4 29. Nd6 g5 30. Ra1 Qc6 31. e5 Be7 32. N2e4 gxf4 33. gxf4 Ng6 34. Rf1
Bh4 35. f5 Ne7 36. fxe6 fxe6 37. Nf6+ Bxf6 38. exf6 Qxd6 39. fxe7 1-0

[Event "Titled Tue 3rd Jan Late"]
[Site "chess.com INT"]
[Date "2025.06.03"]
[Round "3"]
[White "Tang, Andrew"]
[Black "De Silva, L M S T"]
[Result "1-0"]
[WhiteTitle "GM"]
[BlackTitle "IM"]
[WhiteElo "2529"]
[BlackElo "2391"]
[WhiteFideId "2059630"]
[BlackFideId "9953698"]
[EventDate "2025.06.03"]

1. d4 d5 2. Bf4 e6 3. e3 Bd6 4. Nf3 Bxf4 5. exf4 Qd6 6. Qd2 Nf6 7. Nc3 a6 8.
O-O-O b5 9. Qe3 O-O 10. Ne5 Bb7 11. Bd3 Nbd7 12. g4 b4 13. Ne2 Qe7 14. f3 Rfc8
15. g5 Ne8 16. f5 Nxe5 17. Qxe5 Qxg5+ 18. Kb1 Qf6 19. fxe6 fxe6 20. Qh5 g6 21.
Qg4 Ng7 22. h4 Rf8 23. h5 Qxf3 24. Qg5 Qf6 25. Qg3 g5 26. h6 Nf5 27. Qxc7 Rf7
28. Qb6 Nxh6 29. Qxb4 Nf5 30. Rdg1 Rg7 31. Ng3 Nxg3 32. Rxg3 e5 33. dxe5 Qxe5
34. Rgh3 g4 35. Bxh7+ Kh8 36. Rh6 d4 37. Bg6+ 1-0

[Event "Titled Tue 3rd Jan Late"]
[Site "chess.com INT"]
[Date "2025.06.03"]
[Round "3"]
[White "Minko, Dmitry"]
[Black "Rozman, Levy"]
[Result "0-1"]
[WhiteTitle "FM"]
[BlackTitle "IM"]
[WhiteElo "2247"]
[BlackElo "2324"]
[WhiteFideId "24188468"]
[BlackFideId "2039877"]
[EventDate "2025.06.03"]

1. e4 g6 2. d4 Bg7 3. Nc3 a6 4. f4 d5 5. Nf3 dxe4 6. Nxe4 Nf6 7. Bd3 O-O 8.
Nxf6+ exf6 9. O-O Nd7 10. Be3 Re8 11. Re1 b5 12. a4 bxa4 13. c4 Bb7 14. Rxa4 a5
15. Ra3 Bf8 16. Ra1 Bb4 17. Nd2 Nc5 18. Bc2 Rxe3 19. Rxe3 Qxd4 20. Nf1 Qxf4 21.
Qe2 Kg7 22. Rd1 Bc6 23. Ng3 Ne6 24. Kh1 Nd4 25. Qd3 Nxc2 26. Qxc2 Qxe3 27. Rf1
Rd8 28. Qf5 Qe5 29. Qg4 Rd2 30. Nf5+ Kf8 31. Nh4 Qe4 32. Qc8+ Kg7 33. Rg1 Qxh4
34. Qxc7 Qe4 35. Qf4 Qxf4 0-1

[Event "Titled Tue 3rd Jan Late"]
[Site "chess.com INT"]
[Date "2025.06.03"]
[Round "3"]
[White "Melendez Manuel A."]
[Black "Dogan, Umut Anil"]
[Result "0-1"]
[WhiteTitle "FM"]
[BlackTitle "CM"]
[WhiteElo "2154"]
[BlackElo "2123"]
[WhiteFideId "6706800"]
[BlackFideId "51618060"]
[EventDate "2025.06.03"]

1. d4 d5 2. Nf3 Nf6 3. e3 c5 4. b3 g6 5. Be2 Bg7 6. O-O O-O 7. Bb2 cxd4 8. Nxd4
Nc6 9. Nxc6 bxc6 10. c4 Bf5 11. Nc3 Ne4 12. Qc1 Nc5 13. Rd1 e6 14. f3 h5 15. b4
Nd7 16. g4 hxg4 17. fxg4 Bxg4 18. Bxg4 Qg5 19. h3 f5 20. e4 Qh4 21. exf5 exf5
22. Bf3 Ne5 23. Bg2 Nxc4 24. Rb1 Bh6 25. Qc2 Ne3 26. Qe2 Nxd1 27. Nxd5 cxd5 28.
Bxd5+ Kh7 29. Bxa8 Nxb2 30. Rc1 Rxa8 0-1

[Event "Titled Tue 3rd Jan Late"]
[Site "chess.com INT"]
[Date "2025.06.03"]
[Round "3"]
[White "Firouzja, Alireza"]
[Black "Dubnevych, Maksym"]
[Result "0-1"]
[WhiteTitle "GM"]
[BlackTitle "FM"]
[WhiteElo "2757"]
[BlackElo "2292"]
[WhiteFideId "12573981"]
[BlackFideId "14184001"]
[EventDate "2025.06.03"]

1. Nf3 d5 2. g3 c5 3. Bg2 Nc6 4. O-O e5 5. d3 Be7 6. e4 d4 7. a4 g5 8. Na3 h5 9.
Nc4 f6 10. h4 Bg4 11. hxg5 fxg5 12. c3 h4 13. Qb3 Bxf3 14. Bxf3 Qd7 15. Qd1 Nf6
16. Bg2 h3 17. Bf3 g4 18. Be2 O-O-O 19. a5 Kb8 20. Ra3 Qc7 21. Qa4 Rdf8 22. Rb3
Nh5 23. Kh2 Nxg3 24. fxg3 Rxf1 25. Bxf1 Rf8 26. a6 b6 27. Bxh3 gxh3 28. Kg1 Bd8
29. Nxb6 axb6 30. a7+ Nxa7 31. Bh6 h2+ 0-1

[Event "Titled Tue 3rd Jan Late"]
[Site "chess.com INT"]
[Date "2025.06.03"]
[Round "3"]
[White "Drygalov, Andrey"]
[Black "May Sanchez, Andres Elias"]
[Result "1-0"]
[WhiteTitle "GM"]
[BlackTitle "CM"]
[WhiteElo "2431"]
[BlackElo "2209"]
[WhiteFideId "24171735"]
[BlackFideId "5150973"]
[EventDate "2025.06.03"]

1. e4 c5 2. c3 Nf6 3. Bd3 d6 4. Bc2 Nc6 5. Nf3 g6 6. h3 e5 7. O-O Bg7 8. d4 cxd4
9. cxd4 exd4 10. Nxd4 O-O 11. Nxc6 bxc6 12. Nc3 d5 13. Bf4 Be6 14. Re1 Re8 15.
e5 Nd7 16. Qd2 Qc7 17. Qe3 c5 18. Nb5 Qb6 19. Nd6 Red8 20. b3 Nxe5 21. Bxe5 Bxe5
22. Nxf7 Bxa1 23. Nxd8 Rxd8 24. Rxa1 d4 25. Qg3 Qd6 26. Qd3 Bf5 27. Qc4+ Be6 28.
Qd3 Bf5 29. Qd2 d3 30. Bd1 Qd4 31. Rc1 Rc8 32. Qe3 Qxe3 33. fxe3 Rc7 34. Kf2 Be4
35. Bf3 d2 36. Rd1 1-0

[Event "Titled Tue 3rd Jan Late"]
[Site "chess.com INT"]
[Date "2025.06.03"]
[Round "3"]
[White "Winkels, Marcel"]
[Black "Gerbelli Neto, Eduardo"]
[Result "1-0"]
[WhiteTitle "CM"]
[WhiteElo "1918"]
[BlackElo "2114"]
[WhiteFideId "1003887"]
[BlackFideId "2103281"]
[EventDate "2025.06.03"]

1. e4 e5 2. Nf3 Nc6 3. Bb5 a6 4. Ba4 d6 5. O-O Bg4 6. c3 Qf6 7. d3 Ne7 8. Be3
Bxf3 9. Qxf3 Qxf3 10. gxf3 Ng6 11. d4 b5 12. Bb3 f6 13. Bd5 Kd7 14. Nd2 Rb8 15.
Rac1 Nce7 16. Bb3 Nh4 17. Rfd1 Ke8 18. f4 exf4 19. Bxf4 g5 20. Bg3 Nhg6 21. Re1
Kd7 22. Rcd1 h5 23. h3 Bg7 24. Nf3 g4 25. Nh4 Nxh4 26. Bxh4 Ng6 27. Bg3 h4 28.
Bh2 gxh3 29. e5 fxe5 30. dxe5 Rbf8 31. exd6 c5 32. Be6+ Kd8 33. d7 Nf4 34. Bg4
Bh6 35. f3 Rhg8 36. Re4 Rf7 37. Rde1 Rff8 38. Rd1 Rf7 39. Rd6 Bg5 40. Rxa6 Rff8
41. Ra8+ Kc7 42. Rc8+ Rxc8 43. dxc8=Q+ Rxc8 44. Bxc8 Kxc8 45. Bxf4 1-0

[Event "Titled Tue 3rd Jan Late"]
[Site "chess.com INT"]
[Date "2025.06.03"]
[Round "3"]
[White "Elier, Ali"]
[Black "Gattani, Sarthak"]
[Result "1-0"]
[WhiteTitle "CM"]
[WhiteElo "2142"]
[BlackElo "1869"]
[WhiteFideId "16217543"]
[BlackFideId "30995965"]
[EventDate "2025.06.03"]

1. c4 e6 2. g3 d5 3. Bg2 Nf6 4. Nf3 Be7 5. O-O O-O 6. b3 c5 7. cxd5 Nxd5 8. Bb2
Nc6 9. Nc3 Bf6 10. Qc1 b6 11. Nxd5 exd5 12. d4 Nxd4 13. Nxd4 cxd4 14. Qd2 Ba6
15. Rfe1 Re8 16. Bf3 d3 17. Bxf6 Qxf6 18. Bxd5 Rad8 19. exd3 Rxe1+ 20. Rxe1 g6
21. Be4 Qd4 22. Qe3 f5 23. Qxd4 Rxd4 24. Bf3 Kf7 25. Be2 Ke6 26. Rd1 f4 27. Kg2
g5 28. Bg4+ Kf6 29. Be2 Kf5 30. Rd2 g4 31. gxf4 Kxf4 32. Rc2 Bxd3 33. Bxd3 Rxd3
34. Rc7 a5 35. Rf7+ Kg5 36. Rxh7 Rd2 37. Rg7+ Kf5 38. Rf7+ Kg5 39. Rb7 Rxa2 40.
Rxb6 Rb2 41. Rb5+ Kf4 42. Rb8 Kg5 43. Kg3 Kf5 44. Rb5+ Kg6 45. Rxa5 Rxb3+ 46.
Kxg4 Rb2 47. Kg3 Rb3+ 48. f3 Kf6 49. h4 Rb1 50. Kg4 Rg1+ 51. Kf4 Kg6 52. Rg5+ 1-0

[Event "Titled Tue 3rd Jan Late"]
[Site "chess.com INT"]
[Date "2025.06.03"]
[Round "3"]
[White "Popov, Konstantin"]
[Black "Florescu, Codrut-Constantin"]
[Result "1-0"]
[WhiteTitle "FM"]
[BlackTitle "IM"]
[WhiteElo "2378"]
[BlackElo "2193"]
[WhiteFideId "34137910"]
[BlackFideId "1202200"]
[EventDate "2025.06.03"]

1. e4 c5 2. Nf3 Nc6 3. d4 cxd4 4. Nxd4 e5 5. Nb5 d6 6. a4 a6 7. N5c3 Nf6 8. Na3
Be6 9. Bg5 Be7 10. Bc4 O-O 11. Bxf6 Bxf6 12. Nd5 Bg5 13. c3 Kh8 14. O-O g6 15.
Qe2 f5 16. exf5 gxf5 17. f4 Bxd5 18. fxg5 Bxc4 19. Nxc4 Qxg5 20. Nxd6 Rad8 21.
Rad1 e4 22. Nc4 Rde8 23. Rd5 Qg6 24. Rf4 Rf6 25. a5 Rg8 26. Ne3 Rgf8 27. g3 R6f7
28. Qc4 Ne7 29. Rd7 Qc6 30. Qxc6 Nxc6 31. Rxf7 Rxf7 32. b4 Ne7 33. g4 Kg7 34.
gxf5 Kf6 35. Rxe4 Nxf5 36. Nxf5 Kxf5 37. Rc4 Rg7+ 38. Kf2 Ke5 39. Kf3 Kd5 40.
Rc5+ Kd6 41. h4 Rf7+ 42. Ke4 Re7+ 43. Kd4 Re1 44. Rh5 Rd1+ 45. Kc4 1-0

[Event "Titled Tue 3rd Jan Late"]
[Site "chess.com INT"]
[Date "2025.06.03"]
[Round "3"]
[White "Guliev, Gasan"]
[Black "Fernandes, Rogerio Paulo Muller"]
[Result "1-0"]
[WhiteTitle "CM"]
[WhiteElo "2123"]
[BlackElo "2241"]
[WhiteFideId "34165638"]
[BlackFideId "2101599"]
[EventDate "2025.06.03"]

1. c4 c5 2. Nc3 Nc6 3. Nf3 g6 4. e3 Bg7 5. h4 h5 6. Bd3 d6 7. a3 Nf6 8. Ng5 a6
9. Nd5 Ne5 10. Be2 Nxd5 11. cxd5 b5 12. O-O Bb7 13. d4 Nd7 14. dxc5 Nxc5 15. Bf3
Rc8 16. e4 Bf6 17. Rb1 Nd7 18. Be3 Ne5 19. Be2 Nc4 20. Bd4 O-O 21. Bxc4 Rxc4 22.
Nf3 e5 23. dxe6 fxe6 24. Bxf6 Qxf6 25. Qxd6 Bxe4 26. Nd2 Rd4 27. Nxe4 Rxe4 28.
g3 Re2 29. Qb6 e5 30. Qxf6 Rxf6 31. b3 Rc6 32. a4 b4 33. Rbe1 Rb2 34. Rxe5 Rxb3
35. Re7 Ra3 36. Rd1 1-0

[Event "Titled Tue 3rd Jan Late"]
[Site "chess.com INT"]
[Date "2025.06.03"]
[Round "3"]
[White "Rao, Anjaneya Sripathy"]
[Black "Ismagilov, Damir"]
[Result "0-1"]
[WhiteTitle "CM"]
[BlackTitle "CM"]
[WhiteElo "2173"]
[BlackElo "2173"]
[WhiteFideId "30954770"]
[BlackFideId "34199982"]
[EventDate "2025.06.03"]

1. e4 e5 2. Nc3 Nc6 3. g3 Nf6 4. Bg2 Bc5 5. Nge2 d6 6. O-O h5 7. h3 a5 8. Nd5
Be6 9. c3 Ba7 10. d4 exd4 11. cxd4 Bxd5 12. exd5 Ne7 13. Bg5 Qd7 14. Bxf6 gxf6
15. h4 Ng6 16. Qd3 Kf8 17. Kh2 Re8 18. Rfe1 Kg7 19. f4 f5 20. Bh3 Ne7 21. Nc3 c6
22. dxc6 bxc6 23. Re2 Nd5 24. Bxf5 Rxe2+ 25. Nxe2 Qb7 26. b3 Re8 27. Qd2 Qb4 28.
Qb2 a4 29. Rb1 a3 30. Qc2 Bxd4 31. Nxd4 Qxd4 32. Rd1 Qe3 33. Qd2 Qf3 0-1

[Event "Titled Tue 3rd Jan Late"]
[Site "chess.com INT"]
[Date "2025.06.03"]
[Round "3"]
[White "Lezcano, Gustavo"]
[Black "Harriott, Tyrell"]
[Result "0-1"]
[WhiteElo "2007"]
[BlackElo "1924"]
[WhiteFideId "103306"]
[BlackFideId "2086484"]
[EventDate "2025.06.03"]

1. Nf3 e6 2. c4 d5 3. e3 c6 4. b3 f5 5. Bb2 Nf6 6. Be2 Bd6 7. d3 O-O 8. Nc3 a6
9. Qc2 e5 10. e4 d4 11. Nb1 fxe4 12. dxe4 c5 13. O-O Bd7 14. b4 cxb4 15. c5 Bc7
16. Qc4+ Kh8 17. Qxb4 Bc6 18. Bd3 Nxe4 19. Bxe4 Bxe4 20. Nbd2 Bc6 21. Rae1 Nd7
22. Nc4 Bxf3 23. gxf3 Qg5+ 24. Kh1 Rab8 25. Rg1 Qh5 26. Nd6 Qxf3+ 27. Rg2 b6 28.
Qa3 Nxc5 29. Qxf3 Rxf3 30. Nc4 Nd3 31. Rb1 b5 32. Nxe5 Nxe5 33. Bxd4 Ng6 34. Rc1
Bf4 35. Rc7 Bxc7 0-1

[Event "Titled Tue 3rd Jan Late"]
[Site "chess.com INT"]
[Date "2025.06.03"]
[Round "3"]
[White "Lazavik, Denis"]
[Black "Rustamov, Rustam"]
[Result "1-0"]
[WhiteTitle "GM"]
[BlackTitle "FM"]
[WhiteElo "2577"]
[BlackElo "2323"]
[WhiteFideId "13515110"]
[BlackFideId "13440110"]
[EventDate "2025.06.03"]

1. e4 c5 2. Nf3 d6 3. d4 cxd4 4. Nxd4 e5 5. Bb5+ Bd7 6. Bxd7+ Qxd7 7. Ne2 Nf6 8.
Nbc3 Qc6 9. Ng3 Nbd7 10. O-O g6 11. Qf3 h6 12. Be3 a6 13. Rad1 Rc8 14. Rd2 b5
15. Rfd1 Be7 16. a3 a5 17. Qe2 Rb8 18. h3 b4 19. axb4 axb4 20. Nd5 Nxd5 21. Rxd5
Nf6 22. Ra5 Nxe4 23. Qf3 f5 24. c3 bxc3 25. bxc3 Rc8 26. Nxf5 gxf5 27. Qh5+ Kd8
28. Rxe5 Rg8 29. Qf7 Re8 30. Qxf5 Nxc3 31. Rd3 Rc7 32. Re6 Ne2+ 33. Kh2 Rf8 34.
Qg6 Rd7 35. Rd2 Nc3 36. Bxh6 Re8 37. Bg5 Qc7 38. Bxe7+ Rdxe7 39. Rexd6+ Kc8 40.
g3 Ne4 41. Qf5+ 1-0

[Event "Titled Tue 3rd Jan Late"]
[Site "chess.com INT"]
[Date "2025.06.03"]
[Round "3"]
[White "Pribelszky, Bence"]
[Black "Woodward, Andy"]
[Result "0-1"]
[WhiteTitle "IM"]
[BlackTitle "GM"]
[WhiteElo "2400"]
[BlackElo "2547"]
[WhiteFideId "769738"]
[BlackFideId "30953499"]
[EventDate "2025.06.03"]

1. e4 e5 2. Nf3 Nc6 3. Bb5 a6 4. Ba4 d6 5. O-O Bd7 6. c3 g6 7. d4 Bg7 8. Re1 Nf6
9. Nbd2 O-O 10. h3 exd4 11. cxd4 Nb4 12. Bxd7 Qxd7 13. Qb3 a5 14. a3 Nc6 15. Qd3
a4 16. Nf1 Rfe8 17. Ng3 Na5 18. Bg5 b5 19. Rad1 Nc4 20. Bc1 c6 21. b3 axb3 22.
Qxb3 Qa7 23. d5 cxd5 24. exd5 Qa4 25. Qd3 Nd7 26. Ne4 Re7 27. Bg5 Nb2 28. Bxe7
Nxd3 29. Rxd3 Bf8 30. Nxd6 b4 31. Bxf8 Rxf8 32. Nc4 b3 33. Nfd2 Nc5 34. Rde3 Rd8
35. d6 Qb5 36. Rb1 Qa6 37. Nxb3 Qxc4 38. Rc1 Qxb3 39. Rxb3 Nxb3 40. Rc6 Nd4 41.
Ra6 Nf5 42. g4 Nxd6 43. Kg2 Kg7 44. f4 Nc4 45. Kf3 Rd3+ 46. Ke4 Rxa3 47. Rc6
Nd2+ 48. Ke5 Re3+ 49. Kd4 Rxh3 0-1

[Event "Titled Tue 3rd Jan Late"]
[Site "chess.com INT"]
[Date "2025.06.03"]
[Round "3"]
[White "Sivakumar, Shaashwath"]
[Black "Asish Panda"]
[Result "0-1"]
[WhiteTitle "FM"]
[WhiteElo "2234"]
[BlackElo "1911"]
[WhiteFideId "30912156"]
[BlackFideId "45012458"]
[EventDate "2025.06.03"]

1. d4 d5 2. c4 e6 3. Nf3 Nf6 4. g3 Be7 5. Bg2 O-O 6. O-O Ne4 7. Nbd2 f5 8. Qc2
c6 9. Ne1 Nd7 10. Ndf3 Bf6 11. Nd3 b6 12. cxd5 cxd5 13. Qc6 Ba6 14. Qxe6+ Kh8
15. Qxd5 g6 16. Nf4 Qe7 17. Nd2 Nxd2 18. Bxd2 Rad8 19. Ne6 Bb7 20. Qb3 Bxg2 21.
Kxg2 h5 22. Nxd8 Rxd8 23. Qe3 Qf7 24. Bc3 Re8 25. Qf3 Re4 26. Rad1 h4 27. d5 Kh7
28. Bxf6 Qxf6 29. d6 Qe5 30. Qb3 Qe8 31. e3 Re5 32. Rc1 Qa8+ 33. Kg1 h3 34. f3
Qe8 35. Rc3 Nc5 36. Qc4 Rxe3 37. Rc2 Re6 38. b4 Nd7 39. Qc7 Kh6 40. Rcf2 Ne5 41.
Qc1+ Kh7 42. Qd2 Qc6 43. a4 Rxd6 0-1

[Event "Titled Tue 3rd Jan Late"]
[Site "chess.com INT"]
[Date "2025.06.03"]
[Round "3"]
[White "Hoeffer, David"]
[Black "Yadegar, Radin"]
[Result "1/2-1/2"]
[WhiteTitle "FM"]
[BlackTitle "FM"]
[WhiteElo "2295"]
[BlackElo "2387"]
[WhiteFideId "24606766"]
[BlackFideId "42519985"]
[EventDate "2025.06.03"]

1. d4 c5 2. d5 d6 3. e4 e5 4. Nc3 Be7 5. Nf3 a6 6. a4 Bg4 7. h3 Bxf3 8. Qxf3 Bg5
9. Bxg5 Qxg5 10. Qg4 Qxg4 11. hxg4 Nd7 12. g3 Ne7 13. f4 exf4 14. gxf4 g5 15.
Ne2 Ng6 16. fxg5 Nde5 17. Bh3 Nf3+ 18. Kf2 Nxg5 19. Bg2 Ne5 20. Kg3 Ke7 21. Nf4
Rag8 22. Rh4 Ng6 23. Nxg6+ hxg6 24. Rb1 Rxh4 25. Kxh4 Nh7 26. g5 f6 27. gxf6+
Nxf6 28. Kg5 Nh7+ 29. Kf4 g5+ 30. Ke3 Nf6 31. b4 Nd7 32. c3 Rc8 33. Bh3 cxb4 34.
Bxd7 Rxc3+ 35. Kd4 Kxd7 36. Rxb4 Rc7 37. Rb1 Kc8 38. e5 dxe5+ 39. Kxe5 g4 40. d6
Rc2 41. Rg1 Re2+ 42. Kd5 Rd2+ 43. Kc5 Rc2+ 44. Kd5 Rd2+ 45. Kc5 Rc2+ 46. Kd5
Rd2+ 1/2-1/2

[Event "Titled Tue 3rd Jan Late"]
[Site "chess.com INT"]
[Date "2025.06.03"]
[Round "3"]
[White "Horobetz, Graham"]
[Black "Brancaleoni, Maurizio"]
[Result "1-0"]
[BlackTitle "FM"]
[WhiteElo "2250"]
[BlackElo "2185"]
[WhiteFideId "2047322"]
[BlackFideId "803022"]
[EventDate "2025.06.03"]

1. e4 c6 2. d4 d5 3. e5 c5 4. Nf3 Bg4 5. dxc5 e6 6. Be3 Nc6 7. c3 Nge7 8. Nbd2
Nxe5 9. Nxe5 Bxd1 10. Bb5+ Nc6 11. Nxc6 bxc6 12. Bxc6+ Ke7 13. Rxd1 Rc8 14. Bb7
Rc7 15. c6 Qb8 16. Bf4 Kf6 17. h4 Bc5 18. Nf3 Ke7 19. Bxc7 Qxc7 20. O-O h6 21.
b4 Bd6 22. Rfe1 g5 23. Rxd5 g4 24. Nd4 Bh2+ 25. Kh1 Qf4 26. Rd7+ Kf6 27. Rf1 g3
28. Nf3 Kg7 29. c7 Qg4 30. c8=Q Rxc8 31. Bxc8 gxf2 32. Nxh2 Qxh4 33. Rd3 Kh8 34.
Rh3 1-0

[Event "Titled Tue 3rd Jan Late"]
[Site "chess.com INT"]
[Date "2025.06.03"]
[Round "3"]
[White "Erdogan, Anil Berk"]
[Black "Danzer, George"]
[Result "1-0"]
[WhiteTitle "CM"]
[BlackTitle "CM"]
[WhiteElo "2091"]
[BlackElo "2172"]
[WhiteFideId "6348173"]
[BlackFideId "4659465"]
[EventDate "2025.06.03"]

1. e4 c5 2. Nf3 d6 3. Bb5+ Bd7 4. Bxd7+ Qxd7 5. O-O g6 6. c3 Bg7 7. d4 Nf6 8. e5
Nd5 9. exd6 Qxd6 10. Na3 a6 11. Nc4 Qc7 12. dxc5 Qxc5 13. Ne3 Nf6 14. Ng4 Nxg4
15. Qa4+ Nc6 16. Qxg4 O-O 17. Be3 Qb5 18. Rfb1 Rad8 19. a4 Qb3 20. h4 h5 21. Qe4
Qd5 22. Qxd5 Rxd5 23. Rd1 Rfd8 24. Rxd5 Rxd5 25. Kf1 Bf6 26. Ke2 Ne5 27. Nxe5
Rxe5 28. g3 Rd5 29. Rb1 Ra5 30. Ra1 b5 31. Bb6 Rxa4 32. Rxa4 bxa4 33. Kd3 e6 34.
Kc4 Be7 35. Bc5 Kf8 36. Bxe7+ Kxe7 37. Kc5 e5 38. c4 f5 39. Kb6 f4 40. gxf4 exf4
41. c5 g5 42. c6 gxh4 43. c7 h3 44. c8=Q h2 45. Qh3 1-0

[Event "Titled Tue 3rd Jan Late"]
[Site "chess.com INT"]
[Date "2025.06.03"]
[Round "3"]
[White "El Jawich, Amro"]
[Black "Radchenko, Alexey"]
[Result "0-1"]
[WhiteTitle "FM"]
[BlackTitle "FM"]
[WhiteElo "2307"]
[BlackElo "2293"]
[WhiteFideId "5300380"]
[BlackFideId "4192362"]
[EventDate "2025.06.03"]

1. g3 d5 2. Bg2 c6 3. Nf3 Nd7 4. d3 e5 5. e4 Ngf6 6. Nbd2 Bc5 7. O-O O-O 8. Qe2
Re8 9. Re1 a5 10. a4 Ng4 11. Rf1 Nf8 12. h3 Nf6 13. c3 b6 14. Nb3 Bd6 15. Re1
Ba6 16. Qc2 Qc7 17. Bg5 N8d7 18. Nh4 h6 19. Bd2 Rad8 20. Nf5 Bf8 21. Rad1 dxe4
22. dxe4 Kh7 23. Be3 g6 24. Nh4 Bc4 25. Nd2 Be6 26. Kh2 b5 27. Bf1 Rb8 28. b3
Bc5 29. Rb1 Bxe3 30. Rxe3 Nc5 31. axb5 cxb5 32. b4 Na4 33. bxa5 Qxa5 34. Rb4
Rec8 35. Qb1 Nxc3 36. Qb2 Nd1 37. Rxb5 Rxb5 38. Qxb5 Qxb5 39. Bxb5 Nxe3 40. fxe3
Rc2 41. Nf3 Nxe4 42. Bd3 Rxd2+ 43. Nxd2 Nxd2 44. Kg2 Bd5+ 45. e4 Bxe4+ 46. Bxe4
Nxe4 0-1

[Event "Titled Tue 3rd Jan Late"]
[Site "chess.com INT"]
[Date "2025.06.03"]
[Round "3"]
[White "Kiseleva, Arina"]
[Black "Sairam, Pranav"]
[Result "0-1"]
[WhiteTitle "WCM"]
[WhiteElo "1994"]
[BlackElo "2015"]
[WhiteFideId "4164989"]
[BlackFideId "30951330"]
[EventDate "2025.06.03"]

1. d4 d5 2. Nf3 Nf6 3. e3 Bf5 4. Bd3 Bxd3 5. Qxd3 Nbd7 6. O-O e6 7. c4 c6 8. Nc3
Bb4 9. a3 Bxc3 10. Qxc3 O-O 11. b4 Nb6 12. c5 Nc4 13. Nd2 Nxd2 14. Qxd2 Qc7 15.
Bb2 Ng4 16. f4 Nf6 17. Qd3 Ne4 18. f5 exf5 19. Rxf5 Rae8 20. Raf1 g6 21. Re5 f5
22. a4 Nf6 23. h3 Nd7 24. Rxe8 Rxe8 25. b5 Nf6 26. Bc3 Qg3 27. Rf3 Qg5 28. Be1
Ne4 29. bxc6 bxc6 30. Qa6 Rb8 31. Qxc6 Rb1 32. Qxd5+ Kg7 33. Qe5+ Kh6 34. h4
Rxe1+ 35. Kh2 Qg4 36. h5 Nf2 37. Rxf2 Qh4# 0-1